000
00284nam a2200097Ia 4500
005
20251222114344.0
008
251222s1900||||xx |||||||||||||| ||spa||
082
_a
DVD0200/C61/2001
245
0
_a
Conferencia: Conservación del Patrimonio Cultural y la Herencia común de Comas:
942
_c
DVD
999
_c
974
_d
974